000
00449nam a2200133Ia 4500
008
100328s9999 xx 000 0 und d
082
_b
70024
100
_a
भोसले सु.बा.
245
_a
इंदिरा प्रियदर्शिनी.
260
_b
अमोल.
630
_a
इंदिरा प्रियदर्शिनी.
730
_a
इंदिरा प्रियदर्शिनी.
942
_c
BOOK
999
_c
555752
_d
555749